|
|
|
|
| LEADER |
00000naa2a2200000 4500 |
| 001 |
190351 |
| 005 |
20231031175843.0 |
| 035 |
|
|
|a (RuTPU)RU\TPU\book\207398
|
| 090 |
|
|
|a 190351
|
| 100 |
|
|
|a 20110120d2010 k y0rusy50 ca
|
| 101 |
0 |
|
|a rus
|
| 102 |
|
|
|a RU
|
| 200 |
1 |
|
|a Непараметрический подход к классификации изображений
|f К. Ю. Бурцев
|g науч. рук. Н. Г. Марков
|
| 320 |
|
|
|a Библиогр.: 4 назв.
|
| 463 |
|
0 |
|0 (RuTPU)RU\TPU\book\199176
|t Ресурсоэффективным технологиям - энергию и энтузиазм молодых
|o сборник докладов I Университетской конференции студентов элитного технического образования, 19-20 апреля 2010 г. г. Томск
|f Национальный исследовательский Томский политехнический университет (ТПУ)
|v С. 134-137
|d 2010
|p 224 с.
|
| 610 |
1 |
|
|a изображения
|
| 610 |
1 |
|
|a информационные системы
|
| 610 |
1 |
|
|a Земля
|
| 610 |
1 |
|
|a повехность
|
| 610 |
1 |
|
|a дистанционное зондирование
|
| 610 |
1 |
|
|a распознавание
|
| 610 |
1 |
|
|a непараметрический алгоритм
|
| 610 |
1 |
|
|a непараметрическое оценивание
|
| 610 |
1 |
|
|a труды учёных тПУ
|
| 700 |
|
1 |
|a Бурцев
|b К. Ю.
|
| 702 |
|
1 |
|a Марков
|b Н. Г.
|4 727
|
| 801 |
|
1 |
|a RU
|b 63413507
|c 20110120
|
| 942 |
|
|
|c BK
|